01094 a2200181 45000010006000000050017000060080041000230030015000640400040000790800084001192450060002030200018002632640044002813000026003255050445003511000021007968560095008175394920260407155810.0260407a2004 arg spa dAR-UNSa-BCEJYS aAR-UNSa-BCEJYSbspacAR-UNSa-BCEJYS a338.1xSituación económica. Ciclos. Desarrollo de la estructura económica10aThe great unravelingpLosing our way in the new century a0-393-32605-5 1aNew York :bW.W. Norton & Companyc2004 axxxix, 516 p.c21 cm. a1. Irrational exuberance - 2. Portents abroad - 3. Greenspanomics - 4. Crony Capitalism. U.S.A. - 5. The bait... - 6. ...And the switch - 7. 2-1=4 - 8. Things pull apart - 9. The private interest - 10. Exploiting september - 11. A vast conspiracy? - 12. California screaming - 13. Smog and mirrors - 14. Foreing disasters - 15. Global schmobal - 16. Economics and economist - 17. War and terror - 18. Dollars and cents - 19. Abuses of power1 aKrugman, Paul R.41uhttps://biblioeco.unsa.edu.ar/pmb/images/libros/L128487.jpgyImagen de portadaqimage/jpeg